15 najpopularniejszych Aplikacji na telefon 2024 - Statystyki

Ogólne statystyki
  • Ten quiz został rozwiązany 86 razy
  • Średni wynik to 4 z 15
Statystyki odpowiedzi
Hint Odpowiedź % Poprawnych
15. Tik Tok
83%
8. Instagram
79%
9. Messenger
64%
2. Google
57%
5. Whatsapp
43%
1. Temu
19%
6. Biedronka
11%
4. ChatGPT
10%
13. Vinted
10%
3. Mobywatel
7%
14. Google Maps
6%
7. Threads
4%
11. Żappka
4%
10. Lidl Plus
1%
12. Inpost Mobile
0%
Nie znaleziono quizów pasujących do podanych kryteriów
Rozkład punktacji
Procent ludzi z każdym wynikiem
Percentyl według liczby udzielonych odpowiedzi
Twoja historia wyników
Nie rozwiązałeś tego quizu